[Event "X Festival A"]
[Site "Salsomaggiore Terme ITA"]
[Date "2006.05.12"]
[Round "2"]
[White "Salvador, Roland"]
[Black "Guastadini, Paolo"]
[Result "1-0"]
[WhiteElo "2396"]
[BlackElo "2056"]
[PlyCount "47"]
[EventDate "2006.05.12"]

1. d4 Nf6 2. Nf3 g6 3. Nc3 d5 4. Bf4 Bg7 5. e3 b6 6. Be2 Bb7 7. Ne5 Nbd7 8. h4
h5 9. f3 e6 10. g4 Nxe5 11. Bxe5 O-O 12. f4 Nxg4 13. Bxg4 f6 14. Bxe6+ Kh8 15.
f5 fxe5 16. fxg6 Bh6 17. Qxh5 Kg7 18. Qxe5+ Rf6 19. Bxd5 c6 20. Ne4 cxd5 21.
Nxf6 Qxf6 22. Qc7+ Kxg6 23. h5+ Kg5 24. Qg3+ 1-0

[Event "X Festival A"]
[Site "Salsomaggiore Terme ITA"]
[Date "2006.05.12"]
[Round "2"]
[White "Santurbano, Maria Vincenza"]
[Black "Zuccaro, Guido"]
[Result "1-0"]
[WhiteElo "1965"]
[BlackElo "1631"]
[PlyCount "67"]
[EventDate "2006.05.12"]

1. e4 e6 2. d4 d5 3. Nc3 Bb4 4. e5 c5 5. a3 Bxc3+ 6. bxc3 Ne7 7. Nf3 Qc7 8. a4
Nbc6 9. Bd3 cxd4 10. Qe2 dxc3 11. Ba3 Ng6 12. Bd6 Qd8 13. g3 f6 14. Bxg6+ hxg6
15. Qd3 Kf7 16. Qxc3 Qa5 17. Qxa5 Nxa5 18. Nd4 Bd7 19. Ke2 Nc4 20. f4 Nxd6 21.
exd6 e5 22. fxe5 fxe5 23. Raf1+ Ke8 24. Nf3 Bg4 25. Ke3 Bxf3 26. Rxf3 Rf8 27.
Rxf8+ Kxf8 28. Rd1 d4+ 29. Ke4 Re8 30. Rf1+ Kg8 31. a5 g5 32. Kd5 e4 33. d7 Rd8
34. Kd6 1-0

[Event "X Festival A"]
[Site "Salsomaggiore Terme ITA"]
[Date "2006.05.12"]
[Round "2"]
[White "Sanzani, Pierluigi"]
[Black "Garvani, Vittorio"]
[Result "1-0"]
[WhiteElo "1895"]
[BlackElo "1997"]
[PlyCount "63"]
[EventDate "2006.05.12"]

1. e4 e5 2. Nf3 Nc6 3. d4 exd4 4. Nxd4 Nf6 5. Nxc6 bxc6 6. e5 Nd5 7. Bc4 Nb6 8.
Bd3 g6 9. O-O Bg7 10. f4 Qe7 11. Nc3 a5 12. Kh1 h5 13. Bd2 Ba6 14. Qf3 Bb7 15.
Rae1 h4 16. h3 O-O-O 17. Qf2 Rde8 18. Ne4 Qd8 19. Bxa5 Bh6 20. Bxb6 cxb6 21.
Nd6+ Kc7 22. Nxe8+ Qxe8 23. Qd4 Bf8 24. e6 Bb4 25. exf7 Qxf7 26. Qxb4 c5 27.
Qd2 Re8 28. Rxe8 Qxe8 29. Qe2 Qc8 30. Bxg6 d6 31. Qe7+ Kc6 32. Qe8+ 1-0

[Event "X Festival A"]
[Site "Salsomaggiore Terme ITA"]
[Date "2006.05.12"]
[Round "2"]
[White "Sgargi, Giuseppe"]
[Black "Weiland, Guenter"]
[Result "1/2-1/2"]
[WhiteElo "1873"]
[BlackElo "1982"]
[PlyCount "75"]
[EventDate "2006.05.12"]

1. e4 g6 2. d4 Bg7 3. f4 d6 4. Nf3 e6 5. Bd3 Ne7 6. O-O a6 7. Kh1 O-O 8. c4 c5
9. d5 exd5 10. exd5 Nf5 11. Nc3 Nd4 12. Nxd4 cxd4 13. Ne2 Bg4 14. h3 Bxe2 15.
Qxe2 Re8 16. Qf3 f5 17. g4 fxg4 18. hxg4 Nd7 19. g5 Nc5 20. Bd2 Qd7 21. Rae1
Nxd3 22. Qxd3 Qg4 23. b3 Qf5 24. Rxe8+ Rxe8 25. Qxf5 gxf5 26. Re1 Rxe1+ 27.
Bxe1 d3 28. Kg2 Bd4 29. Bd2 Kf7 30. Kf3 Ke7 31. a3 Kd7 32. Kg3 Kc7 33. Kh4 Bg7
34. g6 h6 35. Kg3 Kd7 36. Kf3 Bd4 37. Be3 Bc3 38. Bd2 1/2-1/2

[Event "X Festival A"]
[Site "Salsomaggiore Terme ITA"]
[Date "2006.05.12"]
[Round "2"]
[White "Traversi, Carlo"]
[Black "Cottarelli, Franco"]
[Result "0-1"]
[WhiteElo "1767"]
[BlackElo "1970"]
[PlyCount "116"]
[EventDate "2006.05.12"]

1. e4 e5 2. Nf3 Nc6 3. d4 exd4 4. Nxd4 Bc5 5. Be3 Bb6 6. Nxc6 bxc6 7. Qf3 Qf6
8. Nc3 Ba5 9. Bd2 Rb8 10. Rb1 d6 11. Be2 h5 12. O-O Bg4 13. Qxf6 Nxf6 14. f3
Be6 15. a3 h4 16. b4 Bb6+ 17. Kh1 Nh5 18. Be1 Nf4 19. Bf2 h3 20. g3 Nxe2 21.
Nxe2 Bc4 22. Bxb6 axb6 23. Rfe1 Ra8 24. Ra1 Kd7 25. Nd4 g6 26. Re3 c5 27. bxc5
bxc5 28. Rc3 Ra4 29. Nb3 Rha8 30. Nd2 Bb5 31. Kg1 Bc6 32. Kf2 f5 33. exf5 gxf5
34. Nc4 Re8 35. Ne3 f4 36. Ng4 fxg3+ 37. Kxg3 Rf8 38. Rf1 Raf4 39. Rf2 Kc8 40.
a4 Bxa4 41. Kxh3 Bd7 42. Re2 Rxf3+ 43. Rxf3 Rxf3+ 44. Kh4 Rf4 45. h3 Kd8 46.
Re3 Rc4 47. c3 d5 48. Kg5 d4 49. cxd4 cxd4 50. Rb3 Rc3 51. Rb4 c5 52. Rb2 Rxh3
53. Ne5 Kc7 54. Kf6 d3 55. Nc4 Rh4 56. Ne3 Rd4 57. Ke5 Bc6 58. Nf1 Re4+ 0-1

[Event "X Festival A"]
[Site "Salsomaggiore Terme ITA"]
[Date "2006.05.12"]
[Round "2"]
[White "Vincenzi, Marco"]
[Black "Barletta, Mauro"]
[Result "1/2-1/2"]
[WhiteElo "2034"]
[BlackElo "2258"]
[PlyCount "79"]
[EventDate "2006.05.12"]

1. d4 d5 2. c4 e6 3. Nc3 Nf6 4. cxd5 exd5 5. Bg5 Be7 6. e3 c6 7. Bd3 Nbd7 8.
Qc2 Nh5 9. Bxe7 Qxe7 10. Nge2 g6 11. Ng3 Nf4 12. O-O Nxd3 13. Qxd3 O-O 14. Rae1
f5 15. f3 Nf6 16. e4 fxe4 17. fxe4 dxe4 18. Ncxe4 Nxe4 19. Rxe4 Rxf1+ 20. Qxf1
Qf7 21. Qe2 Bf5 22. Re7 Qd5 23. Qe5 Qxe5 24. dxe5 b6 25. Nxf5 gxf5 26. Kf2 Rd8
27. Ke3 f4+ 28. Kxf4 Rd2 29. g4 Rxh2 30. Rxa7 Rxb2 31. e6 Kf8 32. Ke5 c5 33.
Kd6 Rd2+ 34. Kc6 c4 35. Kxb6 c3 36. Rc7 Rxa2 37. Rxc3 Ke7 38. Re3 Ra4 39. g5
Rc4 40. Rh3 1/2-1/2

[Event "X Festival A"]
[Site "Salsomaggiore Terme ITA"]
[Date "2006.05.13"]
[Round "3"]
[White "Bonade', Giacomo"]
[Black "Tizzoni, Lionello"]
[Result "0-1"]
[WhiteElo "1778"]
[BlackElo "2050"]
[PlyCount "60"]
[EventDate "2006.05.12"]

1. d4 Nf6 2. Nf3 d6 3. Bg5 Nbd7 4. Nbd2 g6 5. e4 e5 6. c3 Bg7 7. Bc4 O-O 8. Qc2
c6 9. Rd1 Qc7 10. dxe5 dxe5 11. h3 Nc5 12. b4 Ne6 13. Be3 Nh5 14. Bxe6 Bxe6 15.
Ng5 Qe7 16. Nxe6 Qxe6 17. Qb3 Qf6 18. g3 b6 19. Ke2 Rfd8 20. Nf3 h6 21. Qa4
Rxd1 22. Rxd1 Qe6 23. Qa6 Nf6 24. Bxb6 Nxe4 25. Rd8+ Rxd8 26. Bxd8 Nxc3+ 27.
Ke3 Nd5+ 28. Ke2 Nxb4 29. Qxa7 Qc4+ 30. Ke1 Qd3 0-1

[Event "X Festival A"]
[Site "Salsomaggiore Terme ITA"]
[Date "2006.05.13"]
[Round "3"]
[White "Bonugli, Carlo"]
[Black "De Zaiacomo, Tonino"]
[Result "1/2-1/2"]
[WhiteElo "2065"]
[BlackElo "1911"]
[PlyCount "32"]
[EventDate "2006.05.12"]

1. e4 e5 2. Nc3 Nf6 3. f4 exf4 4. e5 Ng8 5. Nf3 d6 6. d4 dxe5 7. dxe5 Qxd1+ 8.
Nxd1 Bf5 9. c3 Nc6 10. Bxf4 O-O-O 11. Ne3 Be6 12. Bc4 h6 13. Bxe6+ fxe6 14. Ke2
Bc5 15. Rad1 Nge7 16. Rxd8+ Rxd8 1/2-1/2

[Event "X Festival A"]
[Site "Salsomaggiore Terme ITA"]
[Date "2006.05.13"]
[Round "3"]
[White "Bozuffi, Italo"]
[Black "Reggi, Matteo"]
[Result "0-1"]
[WhiteElo "1866"]
[BlackElo "1781"]
[PlyCount "60"]
[EventDate "2006.05.12"]

1. e4 e5 2. f4 d5 3. d4 dxe4 4. fxe5 Bf5 5. Be3 Nh6 6. Be2 Nd7 7. c3 Qe7 8. Na3
Nb6 9. Nc2 O-O-O 10. Bxh6 gxh6 11. Ne3 Be6 12. Qc2 Nd5 13. Nxd5 Bxd5 14. h4 Bc6
15. Bg4+ Kb8 16. O-O-O f6 17. exf6 Qxf6 18. Qe2 h5 19. Bxh5 Bh6+ 20. Kb1 Rhf8
21. g4 e3 22. Rh3 Bf4 23. Nf3 Be4+ 24. Ka1 Bxf3 25. Qxf3 Qa6 26. Rhh1 e2 27.
Rd3 Qe6 28. Re1 Bd2 29. Qxf8 Rxf8 30. Rxd2 Rf1 0-1

[Event "X Festival A"]
[Site "Salsomaggiore Terme ITA"]
[Date "2006.05.13"]
[Round "3"]
[White "Calza, Gabriele"]
[Black "Mazzoni, Carlo"]
[Result "1-0"]
[WhiteElo "2039"]
[BlackElo "1766"]
[PlyCount "87"]
[EventDate "2006.05.12"]

1. c4 f5 2. g3 Nf6 3. Bg2 g6 4. Nc3 Bg7 5. Nf3 d6 6. d3 O-O 7. O-O Nc6 8. e4 e5
9. exf5 Bxf5 10. h3 Qd7 11. Kh2 h6 12. Nh4 Nh7 13. g4 Qe7 14. Kg3 Bf6 15. Nxf5
gxf5 16. Bxh6 Bg7 17. Nd5 Qf7 18. Bxg7 Qxg7 19. Kh2 f4 20. h4 Nd4 21. f3 c6 22.
Nc3 Nf6 23. Rh1 Kf7 24. Qd2 d5 25. cxd5 cxd5 26. Rac1 Nxg4+ 27. fxg4 Qxg4 28.
Qf2 Rh8 29. Nxd5 f3 30. Rc7+ Kf8 31. Ne3 Qf4+ 32. Kh3 Ne6 33. Bxf3 Nxc7 34. Ng4
Ne6 35. Kg2 Rc8 36. Re1 Rg8 37. Re4 Qc1 38. Kg3 Rc2 39. Be2+ Ke8 40. Rxe5 Rc6
41. d4 Rf8 42. Qe3 Qxe3+ 43. Rxe3 Kd7 44. d5 1-0

[Event "X Festival A"]
[Site "Salsomaggiore Terme ITA"]
[Date "2006.05.13"]
[Round "3"]
[White "Cottarelli, Franco"]
[Black "Bonade', Massimo"]
[Result "0-1"]
[WhiteElo "1970"]
[BlackElo "2104"]
[PlyCount "114"]
[EventDate "2006.05.12"]

1. e4 c5 2. Nc3 d6 3. g3 g6 4. Bg2 Bg7 5. d3 Nc6 6. Be3 e6 7. Qd2 Nge7 8. Bh6
Bxh6 9. Qxh6 Nd4 10. Qd2 Nec6 11. Nge2 Bd7 12. Nxd4 Nxd4 13. Nd1 Qb6 14. c3 Nc6
15. O-O O-O-O 16. Ne3 h5 17. h3 f5 18. Rfc1 Kb8 19. Nc4 Qc7 20. b4 h4 21. Qf4
e5 22. Qe3 hxg3 23. fxg3 f4 24. gxf4 exf4 25. Qxf4 Bxh3 26. bxc5 Bxg2 27. Kxg2
dxc5 28. Qxc7+ Kxc7 29. Rd1 Rh7 30. Ne3 b6 31. Nd5+ Kb7 32. Rh1 Rdh8 33. Rxh7+
Rxh7 34. Rf1 Ne5 35. d4 cxd4 36. cxd4 Nc6 37. Nf6 Rc7 38. d5 Ne5 39. Rf2 Rc3
40. Ne8 Kc8 41. Nd6+ Kd7 42. Nf7 Nc4 43. Re2 Ke7 44. Ng5 b5 45. Kf2 Ne5 46. Rd2
Kd6 47. Kg2 b4 48. Rf2 Ke7 49. Nh3 a5 50. Nf4 a4 51. Rb2 b3 52. axb3 axb3 53.
Kg1 Nc4 54. Nxg6+ Kd6 55. Rf2 b2 56. Rf6+ Kc5 57. Rc6+ Kd4 0-1

[Event "X Festival A"]
[Site "Salsomaggiore Terme ITA"]
[Date "2006.05.13"]
[Round "3"]
[White "Efimov, Igor"]
[Black "Gromovs, Sergejs"]
[Result "1-0"]
[WhiteElo "2437"]
[BlackElo "2315"]
[PlyCount "104"]
[EventDate "2006.05.12"]

1. d4 Nf6 2. c4 g6 3. Nc3 Bg7 4. Nf3 O-O 5. g3 d6 6. Bg2 Nbd7 7. O-O e5 8. e4
exd4 9. Nxd4 Re8 10. Re1 a6 11. h3 Rb8 12. Bf4 Ne5 13. b3 Nh5 14. Be3 c5 15.
Nde2 b5 16. f4 Nd7 17. g4 Ng3 18. Rc1 Nxe2+ 19. Rxe2 bxc4 20. bxc4 Nb6 21. Qd3
Be6 22. Nd1 Qc7 23. Nf2 Na4 24. Rd2 Rb6 25. g5 Nb2 26. Qe2 Rb4 27. Rdc2 Reb8
28. Ng4 Qe7 29. Kh2 Na4 30. Qf3 Bxg4 31. hxg4 Rb2 32. Kh3 Rxc2 33. Rxc2 Rb2 34.
Qe2 Rb1 35. Qd3 Rb2 36. Rxb2 Nxb2 37. Qb3 Qe8 38. e5 dxe5 39. f5 gxf5 40. gxf5
e4 41. f6 Qe6+ 42. Kg3 Nd3 43. fxg7 Qe5+ 44. Kh3 Qf5+ 45. Kh4 Ne5 46. Bh3 Ng6+
47. Kg3 Qf3+ 48. Kh2 Qe2+ 49. Kh1 Kxg7 50. Bxc5 Nf4 51. Bd4+ f6 52. gxf6+ Kh6
1-0

[Event "X Festival A"]
[Site "Salsomaggiore Terme ITA"]
[Date "2006.05.13"]
[Round "3"]
[White "Fragni, Enrico"]
[Black "Del Giudice, Stefano"]
[Result "0-1"]
[WhiteElo "1876"]
[BlackElo "2058"]
[PlyCount "106"]
[EventDate "2006.05.12"]

1. Nf3 Nf6 2. d3 g6 3. c3 Bg7 4. e4 d6 5. Bg5 O-O 6. Nbd2 c5 7. a4 Nc6 8. Be2
e5 9. Nc4 Qc7 10. Qd2 Be6 11. Ne3 Na5 12. Bd1 c4 13. Bxf6 Bxf6 14. d4 exd4 15.
Nxd4 a6 16. O-O Rad8 17. Nd5 Bxd5 18. exd5 Qc5 19. Nf3 Qc8 20. Qf4 Bg7 21. Bc2
Qd7 22. h4 Rde8 23. Rfe1 Rxe1+ 24. Rxe1 b5 25. axb5 axb5 26. h5 Qd8 27. Qg3 Nb7
28. hxg6 fxg6 29. Re6 Rf6 30. Qh3 Nc5 31. Rxf6 Bxf6 32. Qg4 Qe7 33. g3 Kg7 34.
Kg2 Qe2 35. Bf5 Qxb2 36. Nh4 Bxh4 37. gxh4 Qxc3 38. h5 Qf6 39. hxg6 hxg6 40.
Bc2 Nd3 41. Bxd3 cxd3 42. Qd7+ Kf8 43. Qxb5 Qg5+ 44. Kf3 d2 45. Ke2 Qf4 46. Qd3
Kf7 47. f3 Kf6 48. Qc3+ Qe5+ 49. Qxe5+ Kxe5 50. Kxd2 Kxd5 51. Ke3 g5 52. Kd3
Ke5 53. Ke3 d5 0-1

[Event "X Festival A"]
[Site "Salsomaggiore Terme ITA"]
[Date "2006.05.13"]
[Round "3"]
[White "Frigieri, Fabrizio"]
[Black "Santurbano, Maria Vincenza"]
[Result "1-0"]
[WhiteElo "2080"]
[BlackElo "1965"]
[PlyCount "39"]
[EventDate "2006.05.12"]

1. e4 e5 2. Nf3 Nc6 3. Bc4 Be7 4. d4 d6 5. dxe5 dxe5 6. Qxd8+ Bxd8 7. Nc3 Nf6
8. Be3 O-O 9. Bc5 Re8 10. Ng5 Be6 11. Nxe6 fxe6 12. O-O-O Na5 13. Bb5 c6 14.
Be2 b6 15. Bd6 Nd7 16. Ba6 Be7 17. Bxe7 Rxe7 18. b4 Nb8 19. Rd8+ Kf7 20. bxa5
1-0

[Event "X Festival A"]
[Site "Salsomaggiore Terme ITA"]
[Date "2006.05.13"]
[Round "3"]
[White "Garvani, Vittorio"]
[Black "Sgargi, Giuseppe"]
[Result "1/2-1/2"]
[WhiteElo "1997"]
[BlackElo "1873"]
[PlyCount "91"]
[EventDate "2006.05.12"]

1. e4 c5 2. c3 d5 3. exd5 Qxd5 4. d4 Nf6 5. Nf3 Bg4 6. Be2 e6 7. h3 Bh5 8. O-O
Nc6 9. Be3 cxd4 10. cxd4 Be7 11. Nc3 Qd7 12. Qd2 O-O 13. Rad1 Rfd8 14. Kh1 Rac8
15. Ng1 Bxe2 16. Qxe2 Nd5 17. Nf3 Bf6 18. Ne4 Be7 19. Nfg5 f6 20. Nf3 b6 21.
Nc3 Qe8 22. Bc1 Bb4 23. Bd2 Qf7 24. Rfe1 Re8 25. Nb5 Bf8 26. Rc1 a6 27. Nc3 b5
28. Ne4 h6 29. a3 e5 30. dxe5 fxe5 31. Nc3 Nd4 32. Qd1 Nxf3 33. Qxf3 Qxf3 34.
gxf3 Nf4 35. Bxf4 exf4 36. Rxe8 Rxe8 37. Ne4 Re6 38. Rc8 Kf7 39. Kg2 Be7 40. b4
a5 41. Nc5 Rg6+ 42. Kh2 axb4 43. axb4 Bxc5 44. Rxc5 Rg5 45. Rc6 Rd5 46. Rb6
1/2-1/2

[Event "X Festival A"]
[Site "Salsomaggiore Terme ITA"]
[Date "2006.05.13"]
[Round "3"]
[White "Gilardone, Adriano"]
[Black "Barletta, Mauro"]
[Result "1/2-1/2"]
[WhiteElo "2145"]
[BlackElo "2258"]
[PlyCount "118"]
[EventDate "2006.05.12"]

1. e4 e5 2. Nf3 d6 3. d4 exd4 4. Qxd4 a6 5. Bg5 Nc6 6. Bxd8 Nxd4 7. Nxd4 Kxd8
8. Bc4 c5 9. Nf3 Be6 10. Bxe6 fxe6 11. Ng5 Ke7 12. f4 h6 13. Nf3 g6 14. O-O Bg7
15. Nbd2 Rd8 16. Rad1 b5 17. b3 Kf7 18. c4 Ne7 19. g4 Rhf8 20. Kg2 Kg8 21. Kg3
Nc6 22. h4 Nb4 23. a4 bxa4 24. bxa4 Nd3 25. f5 exf5 26. exf5 gxf5 27. gxf5 Rxf5
28. Ne4 Ne5 29. Rxd6 Rdf8 30. Nfd2 Rxf1 31. Nxf1 Rxf1 32. Rxa6 Nxc4 33. Nxc5
Be5+ 34. Kg4 Ne3+ 35. Kh5 Bg7 36. Re6 Nd5 37. Kg4 Kf7 38. Re2 h5+ 39. Kg3 Rc1
40. Ne4 Be5+ 41. Kf3 Ke6 42. a5 Kf5 43. a6 Nc3 44. a7 Ra1 45. Nxc3 Bxc3 46. Re7
Bd4 47. Rd7 Ra3+ 48. Kg2 Bxa7 49. Rg7 Ra2+ 50. Kh3 Be3 51. Rf7+ Ke4 52. Re7+
Kf3 53. Rf7+ Ke4 54. Re7+ Kf3 55. Rf7+ Ke2 56. Rf8 Ra1 57. Kh2 Bg1+ 58. Kg2 Be3
59. Kh2 Bg1+ 1/2-1/2

[Event "X Festival A"]
[Site "Salsomaggiore Terme ITA"]
[Date "2006.05.13"]
[Round "3"]
[White "Giovannini, Roberto"]
[Black "Annoni, Riccardo"]
[Result "1-0"]
[WhiteElo "1961"]
[BlackElo "2075"]
[PlyCount "75"]
[EventDate "2006.05.12"]

1. d4 d5 2. Bf4 Nf6 3. e3 e6 4. Bd3 Bd6 5. Bg3 Nc6 6. Nf3 Qe7 7. Ne5 Bxe5 8.
dxe5 Nd7 9. f4 Qb4+ 10. Nd2 Nc5 11. O-O Nxd3 12. cxd3 Qxb2 13. Nf3 b6 14. a3
Bd7 15. Rf2 Qb5 16. Rc2 O-O 17. Rac1 a5 18. Rxc6 Bxc6 19. Nd4 Qa4 20. Nxc6 Qxa3
21. Bh4 Rfe8 22. Be1 b5 23. Nd4 b4 24. Nb5 Qa2 25. Ra1 Qb2 26. Nxc7 Rec8 27.
Nxa8 Rxa8 28. Kf1 h5 29. Qb1 Qxb1 30. Rxb1 Rb8 31. Ke2 Kh7 32. h3 Kg6 33. g4
hxg4 34. hxg4 Rh8 35. Ra1 Rh2+ 36. Bf2 f6 37. exf6 gxf6 38. Rxa5 1-0

[Event "X Festival A"]
[Site "Salsomaggiore Terme ITA"]
[Date "2006.05.13"]
[Round "3"]
[White "Jones, Alessandro"]
[Black "Brigati, Alessandro"]
[Result "1/2-1/2"]
[WhiteElo "1824"]
[BlackElo "2080"]
[PlyCount "41"]
[EventDate "2006.05.12"]

1. d4 Nf6 2. Nf3 g6 3. Nbd2 Bg7 4. e4 d6 5. Bd3 O-O 6. O-O Nbd7 7. c3 e5 8.
dxe5 Nxe5 9. Nxe5 dxe5 10. Qc2 Qe7 11. Nc4 h6 12. f3 b6 13. Be3 Bb7 14. Rfd1
Rfd8 15. Rd2 Nd7 16. Rad1 Nc5 17. Be2 Ne6 18. Rxd8+ Rxd8 19. Rxd8+ Qxd8 20. Qd2
Qxd2 21. Bxd2 1/2-1/2

[Event "X Festival A"]
[Site "Salsomaggiore Terme ITA"]
[Date "2006.05.13"]
[Round "3"]
[White "Luciani, Valerio"]
[Black "Salvador, Roland"]
[Result "0-1"]
[WhiteElo "2242"]
[BlackElo "2396"]
[PlyCount "132"]
[EventDate "2006.05.12"]

1. d4 d5 2. c4 dxc4 3. e4 c5 4. d5 Nf6 5. Nc3 b5 6. f3 a6 7. Be3 e6 8. dxe6
Qxd1+ 9. Rxd1 fxe6 10. Nge2 Nc6 11. a4 Rb8 12. axb5 axb5 13. Ng3 Ba6 14. Be2
Nd7 15. f4 b4 16. Nb1 Nd4 17. Bg4 Nf6 18. Bh3 h5 19. e5 Ng4 20. Bxg4 hxg4 21.
Rc1 Be7 22. Nd2 Bh4 23. Nde4 c3 24. bxc3 Ne2 25. Kf2 Nxc1 26. Rxc1 b3 27. Nxc5
Bc4 28. Rb1 O-O 29. Kg1 Bxg3 30. hxg3 b2 31. Na4 Bb3 32. Nb6 Rxb6 33. Bxb6 Rb8
34. Rxb2 Rxb6 35. Kf2 Rb7 36. Ke3 Bd5 37. Rd2 Rc7 38. f5 Rxc3+ 39. Kf4 Rc4+ 40.
Kg5 Kf7 41. Ra2 exf5 42. Kxf5 Be4+ 43. Kg5 Ke6 44. Ra7 g6 45. Kxg4 Bf5+ 46. Kf3
Kxe5 47. Re7+ Kf6 48. Ra7 Be4+ 49. Ke3 Bxg2 50. Ra5 g5 51. Rb5 Rc3+ 52. Kf2 Be4
53. Ra5 Rf3+ 54. Kg1 Rxg3+ 55. Kh2 Rg2+ 56. Kh3 g4+ 57. Kh4 Bf5 58. Ra6+ Be6
59. Rb6 Rh2+ 60. Kg3 Rh3+ 61. Kg2 Rd3 62. Rb5 Bd5+ 63. Kg1 g3 64. Rb1 Rd2 65.
Rf1+ Kg5 66. Re1 Kf4 0-1

[Event "X Festival A"]
[Site "Salsomaggiore Terme ITA"]
[Date "2006.05.13"]
[Round "3"]
[White "Marini, Lucio"]
[Black "Rezzuti, Vincenzo"]
[Result "0-1"]
[WhiteElo "1914"]
[BlackElo "2079"]
[PlyCount "57"]
[EventDate "2006.05.12"]

1. d4 d5 2. c4 e6 3. Nc3 c5 4. e3 Nf6 5. Nf3 Nc6 6. Be2 Be7 7. O-O O-O 8. Re1
a6 9. cxd5 exd5 10. dxc5 Bxc5 11. Na4 Ba7 12. Qc2 Qe7 13. Rd1 Be6 14. b3 Rac8
15. Qb2 Nb4 16. Rd2 Ne4 17. Rd4 Nc2 18. Rb1 Nxd4 19. Nxd4 b5 20. Nxb5 axb5 21.
Bxb5 Qf6 22. Qe2 Nc3 23. Nxc3 Qxc3 24. Ba3 Rfd8 25. Kf1 Qc2 26. Rc1 Qxc1+ 27.
Bxc1 Rxc1+ 28. Qe1 Rxe1+ 29. Kxe1 0-1

[Event "X Festival A"]
[Site "Salsomaggiore Terme ITA"]
[Date "2006.05.13"]
[Round "3"]
[White "Muha, Zdravko"]
[Black "Gerundino, Nicola"]
[Result "1-0"]
[WhiteElo "2083"]
[BlackElo "1968"]
[PlyCount "111"]
[EventDate "2006.05.12"]

1. d4 d6 2. Nf3 g6 3. Bg5 Bg7 4. c3 Nf6 5. Nbd2 Nbd7 6. e4 e5 7. dxe5 Nxe5 8.
Nxe5 dxe5 9. Bc4 O-O 10. Qc2 Qe7 11. O-O Be6 12. Qb3 Bxc4 13. Nxc4 Qe6 14. f3
Nd7 15. Be3 Rfd8 16. Rfd1 Bf8 17. Na5 Qxb3 18. axb3 Bc5 19. Kf2 Bxe3+ 20. Kxe3
Rab8 21. b4 Kf8 22. Rd5 f6 23. g3 Ke7 24. Rad1 c6 25. Rd6 Nb6 26. Rxd8 Rxd8 27.
Rxd8 Kxd8 28. Nxb7+ Kc7 29. Nc5 Kd6 30. b3 Na8 31. f4 Nc7 32. c4 Na8 33. Kd3
Nc7 34. Kc3 Ne8 35. Na6 Ng7 36. Nc5 h5 37. Nd3 exf4 38. gxf4 g5 39. e5+ fxe5
40. fxe5+ Ke6 41. Kd4 Nf5+ 42. Ke4 Ne7 43. Nc5+ Kf7 44. Nb7 Kg6 45. Nd8 h4 46.
Ne6 h3 47. Nd4 Kh5 48. Nf5 Ng6 49. e6 g4 50. b5 cxb5 51. c5 Ne7 52. Ng3+ Kg5
53. Ke5 a5 54. Ne4+ Kg6 55. Kd6 g3 56. Nxg3 1-0

[Event "X Festival A"]
[Site "Salsomaggiore Terme ITA"]
[Date "2006.05.13"]
[Round "3"]
[White "Peric, Slavisa"]
[Black "Ranola, Yves"]
[Result "0-1"]
[WhiteElo "2288"]
[BlackElo "2432"]
[PlyCount "96"]
[EventDate "2006.05.12"]

1. d4 Nf6 2. Nf3 e6 3. Bg5 c5 4. e3 Qb6 5. Qc1 Nc6 6. c3 d5 7. Nbd2 Bd7 8. Rb1
Rc8 9. Qd1 Qa5 10. a3 Ne4 11. Bf4 Be7 12. Nxe4 dxe4 13. Nd2 cxd4 14. exd4 Qf5
15. Be3 Qg6 16. g3 f5 17. Be2 O-O 18. Bh5 Qf6 19. h4 e5 20. Bg5 Qe6 21. Be2 Kh8
22. Nc4 exd4 23. cxd4 Qd5 24. Ne3 Qa5+ 25. b4 Qxa3 26. Bxe7 Nxe7 27. d5 f4 28.
gxf4 Rxf4 29. Qd4 Nf5 30. Nxf5 Rxf5 31. Rg1 Rc1+ 32. Rxc1 Qxc1+ 33. Bd1 Rf6 34.
Qc5 Qb2 35. Rg3 b6 36. Qe3 Qxb4+ 37. Kf1 Qc4+ 38. Kg1 Bb5 39. Qe1 Qxd5 40. Bb3
Qd4 41. Bc2 Bc6 42. Rg4 Rg6 43. Rxg6 hxg6 44. Qc1 Qc3 45. Qd1 e3 46. Qd8+ Kh7
47. Bxg6+ Kxg6 48. Qg5+ Kf7 0-1

[Event "X Festival A"]
[Site "Salsomaggiore Terme ITA"]
[Date "2006.05.13"]
[Round "3"]
[White "Pipitone, Antonio"]
[Black "Ferrari, Cristiano"]
[Result "1-0"]
[WhiteElo "1994"]
[BlackElo "1436"]
[PlyCount "63"]
[EventDate "2006.05.12"]

1. e4 c5 2. Nf3 d6 3. d4 cxd4 4. Nxd4 Nf6 5. Nc3 a6 6. Be2 e6 7. Be3 Be7 8. O-O
O-O 9. f4 e5 10. Nb3 Nc6 11. f5 b5 12. a3 Bb7 13. Bf3 Qc7 14. Qe1 Rac8 15. g4
Nb8 16. Rd1 Qc4 17. Na5 Qc7 18. Nxb7 Qxb7 19. g5 Ne8 20. Rd2 Kh8 21. Nd5 Bd8
22. Qg3 a5 23. Qh3 g6 24. Bg2 Nd7 25. Qh6 Ng7 26. Rdf2 Kg8 27. f6 Nh5 28. Ne7+
Kh8 29. Bf3 Bxe7 30. fxe7 Rfe8 31. Bxh5 Rxe7 32. Rxf7 1-0

[Event "X Festival A"]
[Site "Salsomaggiore Terme ITA"]
[Date "2006.05.13"]
[Round "3"]
[White "Rombaldoni, Axel"]
[Black "Vincenzi, Marco"]
[Result "1-0"]
[WhiteElo "2160"]
[BlackElo "2034"]
[PlyCount "76"]
[EventDate "2006.05.12"]

1. e4 c5 2. Nf3 d6 3. d4 cxd4 4. Nxd4 Nf6 5. Nc3 Nc6 6. Bc4 e6 7. Be3 a6 8. Bb3
Qc7 9. Qe2 Na5 10. g4 b5 11. g5 Nd7 12. O-O Nc5 13. a3 Bb7 14. f3 Naxb3 15.
Nxb3 Be7 16. Nd4 Rc8 17. Rad1 O-O 18. Qg2 Ba8 19. Nce2 Qb7 20. Ng3 g6 21. h4 e5
22. Nde2 Ne6 23. Nc3 Rc4 24. Nd5 Nf4 25. Bxf4 exf4 26. Nxf4 d5 27. Nxd5 Bc5+
28. Kh1 Qb8 29. Nf6+ Kh8 30. Nd7 Qf4 31. Nxf8 Qxh4+ 32. Qh2 Qxh2+ 33. Kxh2
Rxc2+ 34. Kh1 Bxf8 35. Rd8 Kg7 36. Rxa8 Rxb2 37. Rxa6 b4 38. axb4 Rxb4 1-0

[Event "X Festival A"]
[Site "Salsomaggiore Terme ITA"]
[Date "2006.05.13"]
[Round "3"]
[White "Salati, Paolo"]
[Black "Traversi, Carlo"]
[Result "1/2-1/2"]
[WhiteElo "1938"]
[BlackElo "1767"]
[PlyCount "79"]
[EventDate "2006.05.12"]

1. e4 Nc6 2. d4 e5 3. d5 Nce7 4. Nf3 Ng6 5. Nc3 Bc5 6. Na4 Bb6 7. Nxb6 axb6 8.
Bc4 d6 9. O-O N8e7 10. h3 O-O 11. Nh2 f5 12. f3 f4 13. Bd2 Qe8 14. a3 Bd7 15.
Be1 Qf7 16. Bf2 Kh8 17. Qe1 Rg8 18. Kh1 Nf8 19. Rg1 g5 20. Ng4 Bxg4 21. fxg4
Nfg6 22. Rf1 Rgf8 23. Be2 Ng8 24. g3 Nf6 25. Bf3 Qg7 26. Kg2 Rf7 27. Rh1 Raf8
28. Rf1 Nd7 29. Qc3 Nf6 30. Qe1 Nd7 31. Qc3 Nf6 32. Rad1 Qh6 33. Qe1 Qg7 34.
Rd3 Ne8 35. Rc3 Rf6 36. Rd3 Qf7 37. Rc3 Kg7 38. Rd3 Kg8 39. Rc3 Kh8 40. Rd3
1/2-1/2

[Event "X Festival A"]
[Site "Salsomaggiore Terme ITA"]
[Date "2006.05.13"]
[Round "3"]
[White "Scalcione, Michelangelo"]
[Black "Baldelli, Alex"]
[Result "1/2-1/2"]
[WhiteElo "2255"]
[BlackElo "2028"]
[PlyCount "72"]
[EventDate "2006.05.12"]

1. Nf3 d5 2. d4 Nf6 3. c4 e6 4. Nc3 c6 5. Bg5 Be7 6. e3 Nbd7 7. Qc2 O-O 8. a3
a5 9. Bd3 h6 10. Bh4 dxc4 11. Bxc4 b5 12. Bd3 Bb7 13. O-O Rc8 14. Qe2 b4 15.
axb4 axb4 16. Ne4 c5 17. Nxf6+ Bxf6 18. Bxf6 Nxf6 19. Ba6 Qb6 20. Bxb7 Qxb7 21.
Ra5 c4 22. Ne5 c3 23. bxc3 bxc3 24. Nd3 Ne4 25. Rc1 Nd2 26. Ra2 Qd5 27. Rac2
Nb3 28. Rb1 Qc4 29. Nf4 Qa4 30. h3 Na1 31. Rcc1 Nb3 32. Qd1 c2 33. Rxc2 Na5 34.
Rxc8 Qxd1+ 35. Rxd1 Rxc8 36. h4 Nb7 1/2-1/2

[Event "X Festival A"]
[Site "Salsomaggiore Terme ITA"]
[Date "2006.05.13"]
[Round "3"]
[White "Tomio, Dante"]
[Black "Grillo, Francesco"]
[Result "1/2-1/2"]
[WhiteElo "1967"]
[BlackElo "1978"]
[PlyCount "96"]
[EventDate "2006.05.12"]

1. d4 d5 2. Nf3 Nf6 3. Bg5 Ne4 4. Bf4 c5 5. e3 Qb6 6. Qc1 Nc6 7. c3 h6 8. Be2
Bf5 9. Nbd2 e6 10. h3 g5 11. Bh2 Rd8 12. g4 Bh7 13. Ne5 Bg7 14. O-O O-O 15. Bf3
cxd4 16. exd4 Rc8 17. Nd7 Qb5 18. Nxf8 Nxd4 19. Bd1 Bxf8 20. Nxe4 Bxe4 21. Qd2
Nc6 22. Be2 Qb6 23. b3 d4 24. cxd4 Nxd4 25. Rac1 Rd8 26. Bc7 Nf3+ 27. Bxf3 Rxd2
28. Bxb6 Bxf3 29. Bxa7 Rxa2 30. Bc5 Bxc5 31. Rxc5 Rb2 32. Rfc1 Rxb3 33. R5c3
Rxc3 34. Rxc3 Bd5 35. Rc8+ Kg7 36. Kh2 b5 37. Rb8 Bc4 38. Kg3 e5 39. Kf3 Bd3
40. Ke3 Bf1 41. Ke4 Bxh3 42. f3 Bf1 43. Kxe5 Be2 44. f4 gxf4 45. Kxf4 Bc4 46.
Rb6 Be2 47. Kg3 Bc4 48. Kh4 Bd3 1/2-1/2